000 00341nam a2200133Ia 4500
008 151001s9999||||xx |||||||||||||| ||und||
100 _aहरी नारायण आपटे
245 _aकालकूट
250 _a4
260 _bरम्यकथा प्रकाशन
260 _c1972
300 _a160
365 _b18
999 _c955476
_d955473